Search for oil: Some statistical methods and techniques (Record no. 25574)

MARC details
000 -LEADER
fixed length control field 00355nam a2200121Ia 4500
082 ## - DEWEY DECIMAL CLASSIFICATION NUMBER
Classification number 519.2
Item number OWE
245 #0 - TITLE STATEMENT
Title Search for oil: Some statistical methods and techniques
260 ## - PUBLICATION, DISTRIBUTION, ETC. (IMPRINT)
Place of publication New York
Name of publisher Marcel Dekker
Year of publication 1975
490 ## - SERIES STATEMENT
Series statement Statistics: Text books and monographs 13
700 ## - ADDED ENTRY--PERSONAL NAME
Personal name Owen, D B
942 ## - ADDED ENTRY ELEMENTS (KOHA)
Koha item type Books
Holdings
Withdrawn status Lost status Damaged status Not for loan Home library Current library Date acquired Cost, normal purchase price Full call number Accession Number Koha item type
        RRII Library RRII Library 16/12/2021 18.50 519.2 OWE 06230 Books